Kriter (Record no. 11329)

MARC details
000 -BAŞLIK
Sabit Uzunlukta Kontrol Alanı 00686na a2200253 4500
001 - KONTROL NUMARASI
Denetim Alanı 23925
003 - KONTROL NUMARASI IDENTIFIER
Denetim Alanı MIRAKIL
005 - SON İŞLEM TARİHİ VE ZAMANI
Denetim Alanı 20190228210322.0
008 - SABİT-BOY VERİ ELEMANLARI - GENEL BİLGİLER
Sabit Uzunlukta Kontrol Alanı 180123b tu n0 0 0
022 ## - ULUSLARARASI STANDART SERİ NUMARASI
Uluslararası Standart Süreli Yayın Numarası 24589691
040 ## - KATALOGLAMA KAYNAK
Orijinal Kataloglama Ajansı Milas
Kataloglama Dili tur
Metne Dönüştürmek Ajansı TR-AnCHP
041 ## - DİL KODU
Metin / Ses Parça Veya Ayrı Başlığın Dil Kodu tur
082 ## - DEWEY ONLU SINIFLANDIRMA NUMARASI
Sınıflandırma Numarası CHP 050
090 ## - SINIFLAMA NUMARASI
Sınıflama Numarası 050 DER 185
130 ## - ANA GİRİŞ - ÜNİFORM BAŞLIK
Üniforma Başlık Kriter
245 ## - BAŞLIK TABLOSU
Başlık Kriter
Başlığın Kalan Aylık siyaset, toplum ve ekonomi dergisi
Sorumluluk Tablosu, Vb SET Vakfı iktisadi işletmesi
260 ## - YAYIN, DAĞITIM, VB
Yayın, Dağıtım, Vb Yeri İstanbul
Yayıncı, Dağıtıcı, Vs Adı SET Vakfı iktisadi işletmesi
Yayın, Dağıtım, Vb Tarihi 2016
300 ## - FİZİKSEL TANIM
Kapsam c.
Boyutlar 30 sm.
362 ## - YAYIN VE / VEYA SIRALI GÖREVLENDİRİLMESİNE TARİHLERİ
Yayın Ve / Veya Ardışık Kullanım Amacı Tarihleri sayı 8 (Aralık 2016)-
650 ## - KONU KATMA GİRİŞ - TOPİKAL DÖNEM
Topikal Süreli Veya Coğrafi Ad Giriş Elemanı Siyaset
Genel Alt Bölümü Süreli yayınlar
910 ## - KULLANICI SEÇENEK, VERİLERİN (OCLC)
Kullanıcı Seçenek Veri DERGİ 185
942 ## - EKLENDİ GİRİŞ ELEMANLARI (KOHA)
Sınıflandırma Veya Raf Düzeni Kaynak Dewey Decimal Classification
Koha Öğesi Türü Serials
Seri Kayıt Bayrağı 1
999 ## - SİSTEM KONTROL NUMARALARI (KOHA)
Koha Biblionumber 11329
Koha Biblioitemnumber 11329
310 ## - MEVCUT YAYIN FREKANSI
Güncel Yayın Frekansı Aylık

No items available.